000 00402nam a22001697a 4500
003 MPLRDC
005 20220104142402.0
008 210129b ||||| |||| 00| 0 eng d
082 _a859.6 SQ v.10
100 _a顺青编
245 _a二个邻居
_c
260 _a
_bSUPER BOOK CO.
_c
300 _b
490 _a学生辅导读物从书
650 _a辅导读物
942 _cBK
_o859.6 SQ v.10
999 _c30445
_d30435